Southville International School and Colleges
Your cart is empty.
  • Cart
  • Lists
    Public lists Eva Luna New books Lux_list list_1
    Your lists Log in to create your own lists
  • Log in to your account
  • Your cookies
  • Search history
Southville International School and Colleges
  • Advanced search
  • Recent comments
  • Most popular
  • Libraries

Log in to your account

Log in with GOOGLE


If you do not have an external account, but do have a local account, you can still log in:

  1. Home
  2. MARC view: The meaning of gifts /
Normal view MARC view ISBD view

The meaning of gifts / (Record no. 288457)

[ view plain ]
MARC details
000 -LEADER
fixed length control field 00721cam a22002531 4500
001 - CONTROL NUMBER
control field 4531687
003 - CONTROL NUMBER IDENTIFIER
control field PILC
005 - DATE AND TIME OF LATEST TRANSACTION
control field 20150824134114.0
008 - FIXED-LENGTH DATA ELEMENTS--GENERAL INFORMATION
fixed length control field 780620s1963 vau 000 0 eng
010 ## - LIBRARY OF CONGRESS CONTROL NUMBER
LC control number 63019122
040 ## - CATALOGING SOURCE
Original cataloging agency DLC
Transcribing agency MB
Modifying agency DLC
041 1# - LANGUAGE CODE
Language code of text/sound track or separate title engfre
050 00 - LIBRARY OF CONGRESS CALL NUMBER
Classification number BF 789.G5
Item number .T63 1963
082 00 - DEWEY DECIMAL CLASSIFICATION NUMBER
Classification number 150
100 1# - MAIN ENTRY--PERSONAL NAME
Personal name Tournier, Paul.
240 10 - UNIFORM TITLE
Uniform title <a href="Des cadeaux, pourquoi?">Des cadeaux, pourquoi?</a>
Language of a work English
245 14 - TITLE STATEMENT
Title The meaning of gifts /
Statement of responsibility, etc Translated by John S. Gilmour.
260 ## - PUBLICATION, DISTRIBUTION, ETC. (IMPRINT)
Place of publication, distribution, etc Richmond,
Name of publisher, distributor, etc John Knox Press,
Date of publication, distribution, etc 1963.
300 ## - PHYSICAL DESCRIPTION
Extent 62 pages ;
Dimensions 18 cm.
500 ## - GENERAL NOTE
General note Translation of Des cadeaux, pourquoi?
650 #0 - SUBJECT ADDED ENTRY--TOPICAL TERM
Topical term or geographic name as entry element Gifts
General subdivision Psychology.
906 ## - LOCAL DATA ELEMENT F, LDF (RLIN)
a 7
b cbc
c orignew
d u
e ocip
f 19
g y-gencatlg
942 ## - ADDED ENTRY ELEMENTS (KOHA)
Source of classification or shelving scheme Library of Congress Classification
Koha item type Books
Holdings
Withdrawn status Lost status Source of classification or shelving scheme Damaged status Home library Current library Shelving location Date acquired Source of acquisition Sub Shelving location Total Checkouts Full call number Barcode Date last seen Price effective from Koha item type
    Library of Congress Classification   College Library College Library Fiction Section 08/24/2015 Donation     BF 789.G5 .T63 1963 C19751 05/08/2018 08/24/2015 Books

The meaning of gifts /

APA

Tournier P., . (1963). The meaning of gifts. Richmond: John Knox Press.

Chicago

Tournier Paul, . 1963. The meaning of gifts. Richmond: John Knox Press.

Harvard

Tournier P., . (1963). The meaning of gifts. Richmond: John Knox Press.

MLA

Tournier Paul, . The meaning of gifts. Richmond: John Knox Press. 1963.

  • Place hold
  • Print
  • Cite
  • Add to your cart (remove)
  • Save record
    BIBTEX Dublin Core MARCXML MARC (non-Unicode/MARC-8) MARC (Unicode/UTF-8) MARC (Unicode/UTF-8, Standard) MODS (XML) RIS
  • More searches
    Search for this title in:
    Other Libraries (WorldCat) Other Databases (Google Scholar) Online Stores (Bookfinder.com) Open Library (openlibrary.org)

Exporting to Dublin Core...

SOUTHVILLE LIBRARY

Southville International School and Colleges Library

1281 Tropical Ave. Cor. Luxembourg St., BF Homes International, Las Pinas City

Tel. No. 8256374 / 252358 Loc. 117/146

Powered by Koha